| 000 | 00754cam a2200205 4500 | ||
|---|---|---|---|
| 001 | WS107580 | ||
| 008 | 000000n 000 0 eng u | ||
| 035 | _a(Sirsi) u107580 | ||
| 110 |
_aVenables _hDelia _93922 |
||
| 245 | _aLegal Resources Pages | ||
| 520 | _aWeb site listing legal sites including ones which offer free information to individuals and companies. | ||
| 650 | _aMANAGEMENT-DISPUTE AVOIDANCE, MANAGEMENT AND RESOLUTION-DISPUTE MANAGEMENT AND RESOLUTION-ARBITRATION | ||
| 650 | _aMEDIATION | ||
| 650 | _aALTERNATIVE DISPUTE RESOLUTION | ||
| 650 | _aLEGAL ADVICE | ||
| 650 |
_aDISPUTE RESOLUTION _96236 |
||
| 690 | _aLAW | ||
| 856 | 4 | 0 |
_uhttps://www.venables.co.uk _zView the website free of charge at www.venables.co.uk... |
| 942 | _n0 | ||
| 999 |
_c119567 _d119567 |
||